Pediatric nursing clinical guide / (Record no. 25909)
[ view plain ]
| 000 -LEADER | |
|---|---|
| fixed length control field | 00836pam a22002535a 4500 |
| 001 - CONTROL NUMBER | |
| control field | 016036194 |
| 003 - CONTROL NUMBER IDENTIFIER | |
| control field | OSt |
| 005 - DATE AND TIME OF LATEST TRANSACTION | |
| control field | 20180109122438.0 |
| 008 - FIXED-LENGTH DATA ELEMENTS--GENERAL INFORMATION | |
| fixed length control field | 120213t2013 paua frb 001 0 eng d |
| 020 ## - INTERNATIONAL STANDARD BOOK NUMBER | |
| International Standard Book Number | 9781609135331 |
| 020 ## - INTERNATIONAL STANDARD BOOK NUMBER | |
| International Standard Book Number | 1609135334 |
| 040 ## - CATALOGING SOURCE | |
| Original cataloging agency | StDuBDS |
| Language of cataloging | eng |
| Transcribing agency | StDuBDS |
| Modifying agency | Uk |
| -- | EG-ScBUE |
| 082 04 - DEWEY DECIMAL CLASSIFICATION NUMBER | |
| Classification number | 618.9200231 |
| Edition number | 22 |
| Item number | KYL |
| 100 1# - MAIN ENTRY--PERSONAL NAME | |
| Personal name | Kyle, Terri. |
| 9 (RLIN) | 19969 |
| 245 10 - TITLE STATEMENT | |
| Title | Pediatric nursing clinical guide / |
| Statement of responsibility, etc | Terri Kyle, Susan Carman. |
| 260 ## - PUBLICATION, DISTRIBUTION, ETC. (IMPRINT) | |
| Place of publication, distribution, etc | Philadelphia ; |
| -- | London : |
| Name of publisher, distributor, etc | Wolter Kluwer Health/Lippincott Williams & Wilkins, |
| Date of publication, distribution, etc | c.2013. |
| 300 ## - PHYSICAL DESCRIPTION | |
| Extent | vii, 449 p. : |
| Other physical details | ill. ; |
| Dimensions | 19 cm. |
| 504 ## - BIBLIOGRAPHY, ETC. NOTE | |
| Bibliography, etc | Includes bibliographical references and index. |
| 650 #7 - SUBJECT ADDED ENTRY--TOPICAL TERM | |
| Topical term or geographic name as entry element | Pediatric nursing |
| Form subdivision | Handbooks, manuals, etc. |
| Source of heading or term | BUEsh |
| 9 (RLIN) | 41624 |
| 651 ## - SUBJECT ADDED ENTRY--GEOGRAPHIC NAME | |
| Source of heading or term | BUEsh |
| 653 ## - INDEX TERM--UNCONTROLLED | |
| Resource For college | Nursing |
| Arrived date list | January2018 |
| 700 1# - ADDED ENTRY--PERSONAL NAME | |
| Personal name | Carman, Susan. |
| 9 (RLIN) | 32495 |
| 942 ## - ADDED ENTRY ELEMENTS (KOHA) | |
| Source of classification or shelving scheme | Dewey Decimal Classification |
| Withdrawn status | Item status | Source of classification or shelving scheme | Damaged status | Not for loan | Home library | Current library | Shelving location | Date acquired | Source of acquisition | Cost, normal purchase price | Serial Enumeration / chronology | Total Checkouts | Full call number | Barcode | Date last seen | Cost, replacement price | Koha item type |
|---|---|---|---|---|---|---|---|---|---|---|---|---|---|---|---|---|---|
| Dewey Decimal Classification | Central Library | Central Library | Ground Floor | 09/01/2018 | Purchase | 140.00 | 20677 | 618.9200231 KYL | 000047122 | 26/11/2025 | 175.00 | Reference (NB) |